| 000 | 00440nam a2200121Ia 4500 | ||
|---|---|---|---|
| 008 | 220615s9999||||xx |||||||||||||| ||und|| | ||
| 245 | 0 |
_aEmbolic Disease _bEvolving Diagnostic and Management Approaches |
|
| 546 | _aEnglish[eng] | ||
| 650 | _aVascular surgery | ||
| 700 | _aStawicki, Stanislaw P.||Firstenberg, Michael S.||Swaroop, Mamta | ||
| 856 | _uhttps://mts.intechopen.com/storage/books/7925/authors_book/authors_book.pdf | ||
| 942 | _cEB | ||
| 999 |
_c17898 _d17898 |
||